000 00965nam a2200229 a 4500
001 000041171
005 20201002034657.0
008 130920s2002 sp 000 0 spa d
020 _a8400080947
040 _aDO-SdBNP
_bspa
_cBNPHU
245 0 3 _aLa Colección Canónica Hispana. Concilios hispánicos :
_btercera parte /
_cGonzalo Martínez Díez, Félix Rodríguez,.
246 1 4 _aConcilios hispánicos :
_btercera parte
260 _aMadrid :
_bConsejo Superior de Investigaciones Científicas :,
_c2002.
300 _av. (344 p.) ;
_c24 cm.
490 1 _aMonumenta Hispaniae Sacra
_aCanónica ;
504 _aIncluye referencias bibliográficas y notas al pie de las páginas
500 _aLa biblioteca posee el v. 4
700 1 _aMartínez Díez, Gonzalo
_d1924-
_eed.
_967525
700 1 _aRodríguez, Félix,
_eed.
_921046
710 2 _aConsejo Superior de Investigaciones Científicas
_94786
830 0 _aMonumenta Hispaniae Sacra
_pCanónica ;
_eed.
_967731
999 _c40661
_d40661